Cẩm nang du học
Guardado en:
| Autor principal: | |
|---|---|
| Formato: | Libro |
| Lenguaje: | Undetermined |
| Publicado: |
Tp. HCM
Tp. HCM
2003
|
| Materias: | |
| Etiquetas: |
Agregar Etiqueta
Sin Etiquetas, Sea el primero en etiquetar este registro!
|
| Thư viện lưu trữ: | Trung tâm Học liệu Trường Đại học Cần Thơ |
|---|
| LEADER | 00541nam a2200193Ia 4500 | ||
|---|---|---|---|
| 001 | CTU_58290 | ||
| 008 | 210402s9999 xx 000 0 und d | ||
| 082 | |a 370.116 | ||
| 082 | |b C120 | ||
| 100 | |a Dương Thủy ... [et al.] | ||
| 245 | 0 | |a Cẩm nang du học | |
| 245 | 0 | |c Dương Thủy ... [et al.] | |
| 260 | |a Tp. HCM | ||
| 260 | |b Tp. HCM | ||
| 260 | |c 2003 | ||
| 650 | |a education,international education | ||
| 650 | |x international cooperation | ||
| 904 | |i Minh | ||
| 980 | |a Trung tâm Học liệu Trường Đại học Cần Thơ | ||